පෙන්කලින් නිලම් : (Record no. 4516)

MARC details
000 -LEADER
fixed length control field 01133nam a2200205 4500
003 - CONTROL NUMBER IDENTIFIER
control field LK-CoMWRAF
005 - DATE AND TIME OF LATEST TRANSACTION
control field 20231218103757.0
008 - FIXED-LENGTH DATA ELEMENTS--GENERAL INFORMATION
fixed length control field 231218b |||||||| |||| 00| 0 eng d
020 ## - INTERNATIONAL STANDARD BOOK NUMBER
International Standard Book Number 9789555672235
040 ## - CATALOGING SOURCE
Original cataloging agency LK-CoMWRAF
Modifying agency LK-CoMWRAF
Description conventions LK-CoMWRAF
041 ## - LANGUAGE CODE
Language code of text/sound track or separate title Sinhala; Sinhalese
082 ## - DEWEY DECIMAL CLASSIFICATION NUMBER
Classification number 303.48
Item number MAW
942 ## - ADDED ENTRY ELEMENTS (KOHA)
Koha item type Books
100 ## - MAIN ENTRY--PERSONAL NAME
Personal name මවුනගුරු, සිත්‍රලේගා
110 ## - MAIN ENTRY--CORPORATE NAME
Corporate name or jurisdiction name as entry element එමැනුවෙල්, සරලා
700 ## - ADDED ENTRY--PERSONAL NAME
Personal name දසනායක, හරින්ද්‍ර
Relator Term translator
245 ## - TITLE STATEMENT
Title පෙන්කලින් නිලම් :
Remainder of title මඩකලපුවේ පශ්චාත් සුනාමි යළි පදිංචි කරවීමේ ක්‍රියාවලිය තුළ කාන්තාවන්ගේ ඉඩම් අයිතිය පිලිබඳ අධ්‍යනයක්
246 ## - VARYING FORM OF TITLE
Title proper/short title Penkalin nilam : Madakalapuwe pashchath sunami yali padinchi karaweeme kriyawaliya thula kanthawage idam aithiya pilibnda adyanayak
260 ## - PUBLICATION, DISTRIBUTION, ETC. (IMPRINT)
Place of publication, distribution, etc. මඩකලපුව :
Name of publisher, distributor, etc. සූරියා කාන්තා සංවර්ධන කේන්ද්‍රය,
Date of publication, distribution, etc. 2010
Holdings
Withdrawn status Lost status Damaged status Not for loan Permanent Location Current Location Date acquired Full call number Barcode Koha item type
        Resource center, Muslim Women's Research And Action Forum Resource center, Muslim Women's Research And Action Forum 2023-12-18 303.48 MAW RAF1654 Books

Copyright © 2023 Muslim Women's Research and Action Forum (MWRAF), No 27/3, Anderson Road, Kalubowila, Dehiwela. Funded by The Asia Fundation